000 00665nam a2200205Ia 4500
005 20250508164146.0
008 008 250505s9999 xx 000 0 eng d
020 _a0-415-16280-7
037 _aReference
040 _aFEDL
_beng
_cFEDL
041 _aeng
_2eng
084 _a510.7, JOH
_qFEDL
100 _aJohnston-Wilder Sue et. al
_9777537
245 0 _aLearning to teach mathematics in the secondary school : A companion to school experience
260 _aLondon, UK
_bRoutledge Falmer
_c1999
300 _axix,267p.
490 _aLearning to teach subjects in the secondary school
942 _cREF
_h510.7, JOH
999 _c1387369
_d1387369